000 00677nam a22002417a 4500
001 98902
003 UA-OsUOA
005 20210620194102.0
007 ta
008 20130422b un ||||| |||| 00| 0 ukr d
040 _aUA-OsUOA
_brus
_cUA-OsUOA
_dUA-OsUOA
041 _arus
080 _a821.161.1
090 _a821.161.1
_bР93
100 _aРыбас С.
245 _aКрепость
_bроман
260 _aМ.
_bСоветский писатель
_c1988
300 _a448 с.
650 7 _a82 Література. Літературознавство
_2UDC
942 _cBK
_2udc
955 _a3
999 _c384749
_d384749